000 02400ncm0a22004451 4500
001 RU\NLR\ONIZ\208973
005 20250624195024.0
035 _aRU\NLR\ONIZ\Таня\5000000679\20150225112225
035 _a(NLR Aleph) 010889827
071 2 0 _aТ.662
090 _a10546244
_c10546244
100 _a20150225d1935 |||y0rusy50 ca
101 0 _arus
_afre
102 _aRU
125 _azx
145 0 _ab
200 1 _aМенуэт
_bНоты
_e[из Симфонии № 96]
_eдля скрипки или виолончели с фп.
_e[Hob. I: 96]
_fЙ. Гайдн
_gобраб. В. Бурместера
208 _a[Клавир и голоса]
210 _aЛ.
_cТритон
_d1935
215 _a1 партит. (6 с.), 2 парт. ([4] с.)
_d30 см
225 1 _aСтарые мастера XVII-XVIII столетий
_eдля скр. или в-чели и фп.
_fпод ред. проф. С. Л. Гинзбурга
313 _aСистематизация документа проведена по изданию - Методика классифицирования музыкальных произведений (нотных изданий) по таблицам Библиотечно-библиографических классификаций : метод. рекомендации / Гос. б-ка СССР им. В.И. Ленина.- М., 1977. Индексу ББК методических рекомендаций присваивается код ББК для научных библиотек - LBC/SL
500 0 0 _aСимфония № 96 "Чудо"
_sHob. I: 96
_lНоты
_uD-dur
500 0 0 _aСимфония № 96
_n"Лондонская № 6
_sHob. I: 96
_uРе мажор
686 _aЩ955.4-42-058.55(4А)
_vLBC/SL
_2rubbk
686 _aЩ955.6-42-058.55(4А)
_vLBC/SL
_2rubbk
700 1 _9z01790
_aГайдн
_bЙ.
_f1732-1809
_gЙозеф
_4230
702 1 _9z03790
_aБурместер
_bВ.
_gВилли
_4030
702 1 _9z04790
_aГинзбург
_bС. Л.
_4030
790 1 _9z01700
_aHaydn
_bF.J.
_f1732-1809
_gFranz Joseph
_4230
790 1 _9z03702
_aBurmester
_bV.
_gVilli
_4030
790 1 _9z04702
_aGinzburg
_bS. L.
_4030
801 0 _aRU
_bNLR
_c20150225
_gPSBO
801 1 _aRU
_bNLR
_c20150225
_2rusmarc
801 2 _aRU
_bNLR
_c20151106
852 _aNLR
_bМ
_jШт-3/45
_p264927
_t1
942 _cSCORE
980 _aNB
980 _aONIZ